| 000 | 00665nam a2200217Ia 4500 | ||
|---|---|---|---|
| 001 | 7522 | ||
| 003 | GE_BSU | ||
| 008 | 181216s||||||||xx |||||||||||||| ||und|| | ||
| 040 | _cGE_BSU | ||
| 080 | _a624.2 | ||
| 100 | _aЗавриев,К.С. | ||
| 245 | _aСопротивление сооружений:статически неопределимые стержневые системы. | ||
| 245 | _cРед.О.Д.Ониашвили. | ||
| 260 | _aТб. | ||
| 260 | _bТехника да шрома. | ||
| 260 | _c1957. | ||
| 300 | _a310стр.22см. | ||
| 300 | _eЧертеж. | ||
| 653 | _aСопротивление сооружений. | ||
| 942 | _cBK | ||
| 999 |
_c40878 _d40878 |
||